A course in digital signal processing /
Guardado en:
| Autor Principal: | |
|---|---|
| Formato: | Libro |
| Idioma: | English |
| Publicado: |
New York :
J. Wiley,
1997.
|
| Materias: | |
| Etiquetas: |
Agregar Etiqueta
Sin Etiquetas, Sea el primero en etiquetar este registro!
|
| LEADER | 00579nam a22001935a 4500 | ||
|---|---|---|---|
| 001 | EUN.um067167 | ||
| 003 | AR-BaUNS | ||
| 005 | 20050623122931.0 | ||
| 008 | 041125s1997####xxua##########000#0#eng#d | ||
| 245 | 1 | 0 | |a A course in digital signal processing / |c Boaz Porat. |
| 260 | |a New York : |b J. Wiley, |c 1997. | ||
| 300 | |a 602 p. : |b ilus. ; |c 26 cm. | ||
| 020 | |a 0471149616 | ||
| 100 | 1 | |a Porat, Boaz. | |
| 082 | 0 | 4 | |a 621.38043 |
| 653 | |a Comunicaciones | ||
| 653 | |a Procesamiento de seÑales | ||
| 653 | |a Telecomunicaciones | ||
| 859 | |a Ar-BaUNS |b BIB. CENTRAL - Sector A |h 621.38043 |i P821 |p 109942/999 | ||
